<?xml version="1.0" encoding="UTF-8"?>
<marc:record xmlns:marc="http://www.loc.gov/MARC21/slim">
   <marc:leader>00000nam a2200000 a 4500</marc:leader>
   <marc:datafield ind1="1" ind2=" " tag="100">
      <marc:subfield code="a">Armentrout, Jennifer L.</marc:subfield>
      <marc:subfield code="4">aut</marc:subfield>
      <marc:subfield code="e">Verfasser/-in</marc:subfield>
   </marc:datafield>
   <marc:datafield ind1="0" ind2="0" tag="245">
      <marc:subfield code="a">Primal of Blood and Bone</marc:subfield>
   </marc:datafield>
   <marc:datafield ind1=" " ind2="1" tag="264">
      <marc:subfield code="b">Wilhem Heyne Verlag</marc:subfield>
      <marc:subfield code="c">2026</marc:subfield>
   </marc:datafield>
   <marc:datafield ind1="1" ind2=" " tag="490">
      <marc:subfield code="a">Liebe kennt keine Grenzen</marc:subfield>
   </marc:datafield>
   <marc:datafield ind1="1" ind2=" " tag="520">
      <marc:subfield code="a">Zahlreiche Prüfungen musste die Liebe von Poppy und Cas bisher bestehen: Gemeinsam bestiegen sie den Thron Atlantias und gemeinsam stellten sie sich der Blutkrone und ihren Aufgestiegenen. Doch als sich aus den Tiefen der Vergangenheit der wahre Primar des Todes erhebt, muss Poppy ihr wahres Erbe antreten - und ihre Liebe der beiden Herzverwandten wird erneut auf die Probe gestellt.</marc:subfield>
   </marc:datafield>
   <marc:datafield ind1=" " ind2=" " tag="020">
      <marc:subfield code="a">9783453323353</marc:subfield>
      <marc:subfield code="9">9783453323353</marc:subfield>
   </marc:datafield>
</marc:record>
